Pleito de Mariana Duróm contra Francisco Robles, donde se señala la nulidad de matrimonio

Detalles Bibliográficos
Otros Autores: Mariana Durón y Cano, Francisco Robles
Formato: Libro
Publicado: s.l., s.f.
Materias:
Colección:Banco de datos
Acervo:Biblioteca Palafoxiana. Colección de Manuscritos
Descripción Física:8 f. ; 32 x 21 cm.
Tema general:Civil
LEADER 00460nam a22001570004500
035 |a 1112 
245 1 0 |a Pleito de Mariana Duróm contra Francisco Robles, donde se señala la nulidad de matrimonio 
260 |a s.l., s.f. 
300 |a 8 f. ; 32 x 21 cm. 
650 1 0 |a Civil 
700 1 |a Mariana Durón y Cano 
700 1 |a Francisco Robles 
949 |a 19948/023 
942 |c PALAMANU 
943 |g Biblioteca Palafoxiana. Colección de Manuscritos 
999 |c 1069057  |d 1069057